[Event "Kolkata St Xavier College op"]
[Site "Kolkata"]
[Date "2024.08.25"]
[Round "5"]
[White "Debapriya, Manna"]
[Black "Ghosh, Aharsi"]
[Result "1-0"]
[WhiteElo "1694"]
[BlackElo "1618"]
[PlyCount "89"]
[EventDate "2024.08.24"]
[EventType "swiss (rapid)"]
[EventRounds "11"]
[EventCountry "IND"]
[SourceTitle "CBM 221 Extra"]
[Source "ChessBase"]
[SourceDate "2024.09.30"]
[SourceVersion "1"]
[SourceVersionDate "2024.09.30"]
[SourceQuality "1"]

1. c4 c6 2. g3 d5 3. Bg2 Nf6 4. Nf3 g6 5. 0-0 Bg7 6. d4 dxc4 7. Qc2 Bf5 8. Qxc4 Nbd7 9. Ng5 0-0 10. e4 Nb6 11. Qd3 Bd7 12. Nc3 h6 13. Nf3 Be6 14. b3 Nfd7 15. Bb2 a5 16. Ne2 Bg4 17. Rfd1 Qc7 18. Rac1 Rfd8 19. Qc2 Rac8 20. h3 Bxf3 21. Bxf3 h5 22. Bg2 Bh6 23. Rb1 Bg7 24. f4 h4 25. g4 Nf8 26. e5 Nd5 27. Qd3 Ne6 28. Qe4 c5 29. Rbc1 Qb6 30. f5 Ng5 31. Qd3 Nb4 32. Qe3 Bh6 33. dxc5 Rxd1+ 34. Rxd1 Qxc5 35. Rd8+ Kh7 36. Qxc5 Rxc5 37. e6 f6 38. Rd7 Rc2 39. Rxe7+ Kg8 40. Re8+ Kg7 41. Re7+ Kg8 42. Bxf6 Rxe2 43. Re8+ Bf8 44. e7 Nh7 45. exf8Q+ 1-0

[Event "IND-ch U17 Girls 34th"]
[Site "Chandigarh"]
[Date "2024.07.18"]
[Round "5"]
[White "Debapriya, Manna"]
[Black "Nivedita, VC."]
[Result "1-0"]
[WhiteElo "1756"]
[BlackElo "1877"]
[PlyCount "85"]
[EventDate "2024.07.15"]
[EventType "swiss"]
[EventRounds "11"]
[EventCountry "IND"]
[SourceTitle "CBM 221 Extra"]
[Source "ChessBase"]
[SourceDate "2024.09.30"]
[SourceVersion "1"]
[SourceVersionDate "2024.09.30"]
[SourceQuality "1"]

1. c4 Nf6 2. g3 g6 3. Bg2 Bg7 4. Nf3 0-0 5. 0-0 d6 6. d4 c5 7. Nc3 Nc6 8. b3 cxd4 9. Nxd4 Ne4 10. Bxe4 Nxd4 11. Bb2 Bg4 12. Qd2 Qa5 13. Rad1 Qh5 14. f3 Bh3 15. Rf2 Nc6 16. f4 Qa5 17. e3 Bg4 18. Rc1 Rac8 19. a3 Be6 20. b4 Qd8 21. Nd5 a6 22. a4 Bxd5 23. cxd5 Nb8 24. Bxg7 Kxg7 25. Qd4+ Kg8 26. Rfc2 Qd7 27. a5 Rxc2 28. Rxc2 Rc8 29. Rc4 Qg4 30. Kf2 Rxc4 31. Qxc4 Qd1 32. Bf3 Qd2+ 33. Be2 Nd7 34. Qc8+ Nf8 35. Qxb7 Qc1 36. h4 e6 37. Qxa6 exd5 38. Qxd6 Qd2 39. a6 Qa2 40. b5 Kg7 41. b6 Ne6 42. b7 d4 43. exd4 1-0

[Event "IND-ch U17 Girls 34th"]
[Site "Chandigarh"]
[Date "2024.07.18"]
[Round "6"]
[White "Patil, Disha"]
[Black "Debapriya, Manna"]
[Result "1/2-1/2"]
[WhiteElo "1800"]
[BlackElo "1756"]
[PlyCount "100"]
[EventDate "2024.07.15"]
[EventType "swiss"]
[EventRounds "11"]
[EventCountry "IND"]
[SourceTitle "CBM 221 Extra"]
[Source "ChessBase"]
[SourceDate "2024.09.30"]
[SourceVersion "1"]
[SourceVersionDate "2024.09.30"]
[SourceQuality "1"]

1. e4 c5 2. Nf3 g6 3. d4 cxd4 4. Nxd4 Bg7 5. c4 Nc6 6. Be3 Nf6 7. Nc3 0-0 8. Be2 d6 9. 0-0 Bd7 10. Qd2 Nxd4 11. Bxd4 Bc6 12. f3 a5 13. b3 Nd7 14. Be3 Nc5 15. Rab1 Qb6 16. Rfc1 Rfc8 17. Rc2 Qd8 18. a3 h5 19. b4 axb4 20. axb4 Na4 21. Nxa4 Rxa4 22. b5 Bd7 23. c5 dxc5 24. Rxc5 Rxc5 25. Bxc5 b6 26. Be3 Qc7 27. Rd1 Ra1 28. Rxa1 Bxa1 29. Qd5 Bc3 30. f4 e6 31. Qa8+ Kg7 32. Qa3 Bc8 33. e5 Ba5 34. Qd3 Bb7 35. Kf2 Bd5 36. f5 gxf5 37. Bf4 h4 38. Qe3 Qc3 39. Qxc3 Bxc3 40. g3 Bd4+ 41. Be3 hxg3+ 42. hxg3 Bxe3+ 43. Kxe3 f6 44. Kf4 Kg6 45. Bd3 Kf7 46. Be2 Ke7 47. Bd3 fxe5+ 48. Kxe5 Bb3 49. Be2 Bd5 50. Bd3 Bb3 1/2-1/2

[Event "IND-ch U17 Girls 34th"]
[Site "Chandigarh"]
[Date "2024.07.17"]
[Round "4"]
[White "Theephigaa, KP."]
[Black "Debapriya, Manna"]
[Result "1/2-1/2"]
[WhiteElo "1778"]
[BlackElo "1756"]
[PlyCount "113"]
[EventDate "2024.07.15"]
[EventType "swiss"]
[EventRounds "11"]
[EventCountry "IND"]
[SourceTitle "CBM 221 Extra"]
[Source "ChessBase"]
[SourceDate "2024.09.30"]
[SourceVersion "1"]
[SourceVersionDate "2024.09.30"]
[SourceQuality "1"]

1. e4 c5 2. Nf3 g6 3. c3 Bg7 4. d4 cxd4 5. cxd4 d5 6. e5 Nc6 7. Nc3 Bg4 8. Be3 f6 9. exf6 Nxf6 10. Be2 0-0 11. 0-0 Rc8 12. Rc1 e6 13. h3 Bxf3 14. Bxf3 Qd7 15. Re1 Ne8 16. Bg4 h5 17. Bf3 Nd6 18. g4 hxg4 19. hxg4 Nxd4 20. Bxd5 exd5 21. Bxd4 Rc4 22. Bxg7 Rxg4+ 23. Kf1 Kxg7 24. Qxd5 Rgf4 25. Re2 R8f5 26. Qg2 Nc4 27. Rd1 Qf7 28. Nd5 Rf3 29. b3 Ne5 30. Ne3 R5f4 31. Nd5 Rg4 32. Qh2 Nc6 33. Ne3 Rg5 34. Nc4 Rd5 35. Rxd5 Qxd5 36. Rd2 Qf7 37. Ne5 Nxe5 38. Qxe5+ Kh7 39. Qh2+ Kg7 40. Rd8 Kf6 41. Qd6+ Kg5 42. Qe5+ Qf5 43. Qe7+ Qf6 44. Rd5+ Kh6 45. Qxf6 Rxf6 46. Rd7 Ra6 47. Rxb7 Rxa2 48. Kg2 a5 49. Rb5 a4 50. bxa4 Rxa4 51. Kg3 g5 52. Rb6+ Kg7 53. Rb7+ Kf6 54. Rb6+ Kf5 55. Rb5+ Kf6 56. Rb6+ Kf5 57. Rb5+ 1/2-1/2